Statistics for Angry Birds Apps

Click here to take the quiz!

General Stats

  • This quiz has been taken 72 times
  • The average score is 8 of 21

Answer Stats

Answer% Correct
Angry Birds
95%
Angry Birds Star Wars
74%
Angry Birds Space
65%
Angry Birds Go
61%
Angry Birds Seasons
61%
Angry Birds Rio
58%
Angry Birds Star Wars ll
53%
Angry Birds Space Free
44%
Angry Birds Transformers
44%
Angry Birds Friends
42%
Angry Birds Free
35%
Angry Birds HD
33%
Angry Birds Slingshot Stella
32%
Angry Birds POP
30%
Angry Birds Fight
26%
Angry Birds Star Wars Free
25%
Angry Birds Seasons HD
21%
Angry Birds Rio HD
19%
Angry Birds Space HD
19%
Angry Birds HD Free
5%
Angry Birds Under Pigstruction
4%

Score Distribution

Percentile by Number Answered

Percent of People with Each Score

Your Score History

You have not taken this quiz